La independencia de Trujillo : (Record no. 20316)

000 -CABECERA
fixed length control field 00923nam a22002297a 4500
003 - IDENTIFICADOR DEL NÚMERO DE CONTROL
control field AR-CdUCM
008 - DATOS DE LONGITUD FIJA--INFORMACIÓN GENERAL
fixed length control field 190222b ||||| |||| 00| 0 spa d
040 ## - FUENTE DE LA CATALOGACIÓN
Agencia/entidad que catalogó originalmente la obra MUNICIPALIDAD PROVINCIAL DEL CUSCO
Entidad que transcribió la catalogación BIBLIOTECA MUNICIPAL DEL CUSCO
082 ## - NÚMERO DE LA CLASIFICACIÓN DECIMAL DEWEY
No. de Clasificación 985.141 /
Notacion interna C46
100 ## - ENTRADA PRINCIPAL--NOMBRE DE PERSONA
Nombre Personal Centurión Vallejo, Héctor
245 ## - MENCIÓN DE TÍTULO
Título La independencia de Trujillo :
Resto del título Apuntes para la historia de Trujillo 1800-1821 /
260 ## - PUBLICACIÓN, DISTRIBUCIÓN, ETC.
Lugar de publicación, distribución, etc. Trujillo - Perú :
Nombre de la editorial, distribuidor, etc. Revista universitaria,
Fecha de publicación, distribución, etc. 1984.
300 ## - DESCRIPCIÓN FÍSICA
Nº de Páginas Extensión 155 páginas ;
Otros detalles físicos ilustraciones, fotografías
Dimensiones 24 cm.
440 ## - MENCIÓN DE SERIE/PUNTO DE ACCESO ADICIONAL--TÍTULO
Título Separata de revista universitaria
Número de la parte/sección de una obra 21 y 22
9 (RLIN) 42473
505 ## - NOTA DE CONTENIDO CON FORMATO
Nota de contenido formateada Contenido : Independencia de trujillo -- Trujillo durante los primeros veinte años del siglo XIX -- Himno de Trujillo...
650 ## - PUNTO DE ACCESO ADICIONAL DE MATERIA--TÉRMINO DE MATERIA
Descriptor Historia.
9 (RLIN) 136
650 ## - PUNTO DE ACCESO ADICIONAL DE MATERIA--TÉRMINO DE MATERIA
Descriptor Primera proclamación
9 (RLIN) 42474
650 ## - PUNTO DE ACCESO ADICIONAL DE MATERIA--TÉRMINO DE MATERIA
Descriptor Población
9 (RLIN) 3673
650 ## - PUNTO DE ACCESO ADICIONAL DE MATERIA--TÉRMINO DE MATERIA
Descriptor Cabildo secular
9 (RLIN) 42475
942 ## - ELEMENTOS DE PUNTO DE ACCESO ADICIONAL (KOHA)
Fuente de clasificación
Tipo de item Libros-BMC
945 ## - PROCESAMIENTO DE INFORMACIÓN LOCAL (OCLC)
Catalogador rcc
Holdings
Estado de retiro (separado) Fuente de clasificación o esquema de estanterías Estado dañado Ubicación Sala donde se ubica Nombre de la colección Fecha de adquisición o compra Costo, precio normal en soles Signatura topográfica Código de Barras Última vez visto (Koha) Tipo de ítem (Koha)
No     Sala Humanidades Sala Humanidades Book Cart 2019-05-28 25.00 985.141 / C46 SH0000014683 2019-05-28 Libros-BMC

Powered by Koha